[Event "Thessaloniki White Tower op-B 43rd"]
[Site "Thessaloniki"]
[Date "2023.01.03"]
[Round "2"]
[White "Batsi, Lida"]
[Black "Demelkas, Ioannis"]
[Result "0-1"]
[WhiteElo "1398"]
[BlackElo "1721"]
[PlyCount "74"]
[EventDate "2023.01.02"]
[EventType "swiss"]
[EventRounds "9"]
[EventCountry "GRE"]
[SourceTitle "CBM 212 Extra"]
[Source "ChessBase"]
[SourceDate "2023.03.31"]
[SourceVersion "1"]
[SourceVersionDate "2023.03.31"]
[SourceQuality "1"]

1. e4 e6 2. d4 d5 3. Nc3 Bb4 4. exd5 exd5 5. Qf3 Be6 6. Bd3 Qf6 7. Be3 Nd7 8. a3 Bxc3+ 9. bxc3 Qxf3 10. Nxf3 f6 11. Bf4 0-0-0 12. h4 Bg4 13. Nd2 Re8+ 14. Kf1 Ne7 15. f3 Bf5 16. g4 Bxd3+ 17. cxd3 h5 18. Kf2 Nb6 19. a4 Ng6 20. Bg3 Re6 21. a5 Nd7 22. c4 Rhe8 23. Rhe1 Rxe1 24. Rxe1 Rxe1 25. Kxe1 Ne7 26. Ke2 Nb8 27. Nb3 Nbc6 28. Ke3 b6 29. Be1 g6 30. axb6 cxb6 31. cxd5 Nxd5+ 32. Ke4 Nce7 33. Bd2 Kd7 34. g5 fxg5 35. Bxg5 Ke6 36. Nd2 Nc3+ 37. Kf4 Ned5+ 0-1

[Event "GRE-chT2 48th"]
[Site "Thessaloniki"]
[Date "2021.10.09"]
[Round "6.5"]
[White "Demelkas, Ioannis"]
[Black "Hadzimanolis, Antonios"]
[Result "1-0"]
[WhiteElo "1716"]
[BlackElo "2215"]
[PlyCount "65"]
[EventDate "2021.10.05"]
[EventType "team-swiss"]
[EventRounds "7"]
[EventCountry "GRE"]
[SourceTitle "CBM 204 Extra"]
[Source "ChessBase"]
[SourceDate "2021.11.30"]
[SourceVersion "1"]
[SourceVersionDate "2021.11.30"]
[SourceQuality "1"]
[WhiteTeam "Serron PSSK"]
[BlackTeam "Triandrias OS"]
[WhiteTeamCountry "GRE"]
[BlackTeamCountry "GRE"]

1. d4 Nf6 2. c4 c5 3. d5 b5 4. cxb5 a6 5. bxa6 g6 6. Nc3 Bxa6 7. e4 Bxf1 8. Kxf1 d6 9. Nf3 Nbd7 10. g3 Bg7 11. Kg2 0-0 12. a4 Qb6 13. Qe2 Qa6 14. Re1 Rfb8 15. Ra3 Rb4 16. Qxa6 Rxa6 17. e5 dxe5 18. Nxe5 Nxe5 19. Rxe5 Kf8 20. Re2 Nd7 21. Bg5 f6 22. Be3 Kf7 23. a5 Rb7 24. Ne4 Rb5 25. Rc2 Raxa5 26. Rxa5 Rxa5 27. Bxc5 h6 28. b4 Ra3 29. Re2 Rd3 30. d6 Nxc5 31. bxc5 f5 32. c6 Ke8 33. c7 1-0

[Event "GRE-chT2 48th"]
[Site "Thessaloniki"]
[Date "2021.10.06"]
[Round "2.4"]
[White "Dirlis, Nikolaos"]
[Black "Demelkas, Ioannis"]
[Result "0-1"]
[WhiteElo "1890"]
[BlackElo "1716"]
[PlyCount "121"]
[EventDate "2021.10.05"]
[EventType "team-swiss"]
[EventRounds "7"]
[EventCountry "GRE"]
[SourceTitle "CBM 204 Extra"]
[Source "ChessBase"]
[SourceDate "2021.11.30"]
[SourceVersion "1"]
[SourceVersionDate "2021.11.30"]
[SourceQuality "1"]
[WhiteTeam "Polygyrou ASO"]
[BlackTeam "Serron PSSK"]
[WhiteTeamCountry "GRE"]
[BlackTeamCountry "GRE"]

1. d4 Nf6 2. c4 g6 3. Nc3 Bg7 4. e4 d6 5. Be2 0-0 6. Bg5 c5 7. d5 e6 8. Nf3 exd5 9. exd5 Bg4 10. 0-0 Bxf3 11. Bxf3 Nbd7 12. Qd2 Qb6 13. Rae1 Rfe8 14. b3 a6 15. Qc1 Qa5 16. Bd2 Qc7 17. a4 Rxe1 18. Rxe1 Re8 19. Rxe8+ Nxe8 20. Qe1 Ne5 21. Bd1 Qd8 22. Qe2 Kf8 23. g3 Qe7 24. Kg2 Nd7 25. f4 Qxe2+ 26. Bxe2 Bxc3 27. Bxc3 f5 28. Bd3 Nef6 29. Kf3 Ke7 30. h3 h5 31. Be1 Kf7 32. a5 Ke8 33. g4 hxg4+ 34. hxg4 Nxg4 35. Kg3 Kf7 36. Kh4 Ngf6 37. b4 cxb4 38. Bxb4 Nc5 39. Bc2 Nfe4 40. Kh3 Kf6 41. Kg2 Ke7 42. Kf3 Kd7 43. Ke3 Kc7 44. Kd4 b6 45. Be1 Nf6 46. Bb4 Nce4 47. Be1 Nc5 48. Bb4 Ncd7 49. Ba4 Nc5 50. Bc2 Nfe4 51. Be1 bxa5 52. Bxa5+ Kd7 53. Be1 Ke7 54. Bb4 Kf6 55. Ba5 Ng3 56. Be1 Nh5 57. Bd2 a5 58. Bxa5 Nxf4 59. Bd8+ Kf7 60. Ke3 Nh5 61. Bg5 0-1